Integrating teaching, learning, and action research : (Record no. 12171)

MARC details
000 -LEADER
fixed length control field 00860nam a22002412 4500
001 - CONTROL NUMBER
control field 0000021208
005 - DATE AND TIME OF LATEST TRANSACTION
control field 20151217155231.0
008 - FIXED-LENGTH DATA ELEMENTS--GENERAL INFORMATION
fixed length control field 120206s xx 000 0 eng d
020 ## - INTERNATIONAL STANDARD BOOK NUMBER
International Standard Book Number 1412939751 :
040 ## - CATALOGING SOURCE
Original cataloging agency KABU
Transcribing agency KABU
100 1# - MAIN ENTRY--PERSONAL NAME
Personal name Stringer, Ernest T.
-- 0000181950
245 10 - TITLE STATEMENT
Title Integrating teaching, learning, and action research :
Remainder of title enhancing instruction in the K-12 classroom /
Statement of responsibility, etc. Ernest T. Stringer, Lois McFadyen Christensen, Shelia C. Baldwin.
250 ## - EDITION STATEMENT
Edition statement 1st ed.
260 ## - PUBLICATION, DISTRIBUTION, ETC. (IMPRINT)
Place of publication, distribution, etc. Los Angeles :
Name of publisher, distributor, etc. Sage,
Date of publication, distribution, etc. 2009.
300 ## - PHYSICAL DESCRIPTION
Extent xiv, 184 p.
650 #0 - SUBJECT ADDED ENTRY--TOPICAL TERM
Topical term or geographic name as entry element Action research in education.
-- 0000180882
650 #0 - SUBJECT ADDED ENTRY--TOPICAL TERM
Topical term or geographic name as entry element Teaching.
-- 0000153520
700 1# - ADDED ENTRY--PERSONAL NAME
Personal name Christensen, Lois McFadyen.
-- 0000181951
700 1# - ADDED ENTRY--PERSONAL NAME
Personal name Baldwin, Shelia C.
-- 0000181952
852 1# - LOCATION
-- p3950.40 KES
908 ## - PUT COMMAND PARAMETER (RLIN)
Put command parameter 120206
950 ## - LOCAL HOLDINGS (RLIN)
-- 1
Holdings
Withdrawn status Lost status Source of classification or shelving scheme Not for loan Home library Current library Date acquired Total Checkouts Full call number Barcode Date last seen Price effective from Koha item type
    Library of Congress Classification   Kabarak, Main Campus Kabarak, Main Campus 17/12/2015   LB1028.24 .S77 2009 c.1 20575 17/12/2015 17/12/2015 General Collection
Designed with assistance from East African Informatics Ltd